|
|
|
|
| LEADER |
00000cam a2200000 4500 |
| 001 |
vtls011823577 |
| 003 |
SK-MaSNL |
| 005 |
20260301100409.0 |
| 008 |
210624s2017 pl frhgn 000 0bslo |
| 015 |
|
|
|a SNBZSA2020/04
|
| 020 |
|
|
|a 9788381110167
|q (viazané)
|
| 035 |
|
|
|a urn:nbn:sk:snk-am00eel4
|
| 035 |
|
|
|a urn:nbn:sk:snk-am3ihua
|
| 035 |
|
|
|a 837B5AFD-351E-435C-9467-C2443DD3D140
|
| 040 |
|
|
|a SNK
|b slo
|c SNK
|e rda
|
| 041 |
0 |
|
|a slo
|
| 044 |
|
|
|a pl
|c PL
|
| 072 |
|
7 |
|a 34
|x Právo
|2 konspekt
|
| 080 |
|
|
|a 342
|2 2011
|
| 080 |
|
|
|a 34(091)
|2 2011
|
| 080 |
|
|
|a 349.2
|2 2011
|
| 080 |
|
|
|a 348
|2 2001
|
| 080 |
|
|
|a (082.2)
|2 2011
|
| 080 |
|
|
|a (082)
|2 2011
|
| 100 |
1 |
|
|a Barancová, Helena,
|d 1949-
|4 aut
|9 85515
|
| 245 |
1 |
0 |
|a Fontes iuris
|b pocta prof. JUDr. Jozefovi Prusákovi, CSC.
|c Helena Barancová, Kristián Blaškovič, Martin Bulla, Martina Gajdošová, Juraj Jankuv, Daniel Krošlák, Miriam Laclavíková, Miloš Lacko, Darina Myšľanyová, Michaela Moravčíková, Zuzana Nevolná, Marianna Novotná, Andrea Olšovská, Jozef Štefanko, Adriana Švecová, Peter Varga, Vojtech Vladár, Peter Vyšný ; editori: Andrea Olšovská, Miriam Laclavíková, Michaela Moravčíková
|
| 264 |
|
1 |
|a Kraków
|b Spolok Slovákov v Poľsku
|c 2017
|
| 300 |
|
|
|a 275 strán
|c 25 cm
|
| 336 |
|
|
|a text
|b txt
|2 rdacontent
|
| 337 |
|
|
|a bez média
|b n
|2 rdamedia
|
| 338 |
|
|
|a zväzok
|b nc
|2 rdacarrier
|
| 500 |
|
|
|a Obsahuje poznámky pod čiarou
|
| 500 |
|
|
|a Obsahuje výber vedeckej a publikačnej činnosti profesora Prusáka na strane 267-276
|
| 504 |
|
|
|a Obsahuje bibliografiu ; bibliografické odkazy
|
| 600 |
1 |
7 |
|a Prusák, Jozef,
|d 1942-2018
|2 SNKMA
|9 19305
|
| 650 |
0 |
7 |
|a verejné právo
|2 SNKPH
|9 985
|
| 650 |
0 |
7 |
|a právne dejiny
|2 SNKPH
|9 977
|
| 650 |
0 |
7 |
|a pracovné právo
|2 SNKPH
|9 982
|
| 650 |
0 |
7 |
|a cirkevné právo
|2 SNKPH
|9 978
|
| 650 |
0 |
7 |
|a Public law
|2 SNKPHeng
|9 319053
|
| 650 |
0 |
7 |
|a History of law
|2 SNKPHeng
|9 266462
|
| 650 |
0 |
7 |
|a Labor laws and legislation
|2 SNKPHeng
|9 266962
|
| 650 |
0 |
7 |
|a Ecclesiastical law
|2 SNKPHeng
|9 340853
|
| 655 |
|
7 |
|a zborníky
|2 SNKPH
|9 70165
|
| 655 |
|
7 |
|a Jubilee books
|2 SNKPHeng
|9 281827
|
| 655 |
|
7 |
|a jubilejné publikácie
|2 SNKPH
|9 70339
|
| 655 |
|
7 |
|a Papers of several authors
|2 SNKPHeng
|9 153738
|
| 700 |
1 |
|
|a Blaškovič, Kristián,
|d 1986-
|4 aut
|9 236759
|
| 700 |
1 |
|
|a Bulla, Martin,
|d 1984-
|4 aut
|9 230592
|
| 700 |
1 |
|
|a Gajdošová, Martina,
|d 1970-
|4 aut
|9 167254
|
| 700 |
1 |
|
|a Jankuv, Juraj,
|d 1966-
|4 aut
|9 207921
|
| 700 |
1 |
|
|a Krošlák, Daniel,
|d 1980-
|4 aut
|9 167465
|
| 700 |
1 |
|
|a Laclavíková, Miriam,
|d 1975-
|4 aut
|4 edt
|9 134975
|
| 700 |
1 |
|
|a Lacko, Miloš,
|d 1977-
|4 aut
|9 230821
|
| 700 |
1 |
|
|a Mašľanyová, Darina,
|d 1955-
|4 aut
|9 167691
|
| 700 |
1 |
|
|a Moravčíková, Michaela,
|d 1973-
|4 aut
|4 edt
|9 49678
|
| 700 |
1 |
|
|a Nevolná, Zuzana,
|d 1969-
|4 aut
|9 230815
|
| 700 |
1 |
|
|a Novotná, Marianna,
|d 1978-
|4 aut
|9 212929
|
| 700 |
1 |
|
|a Olšovská, Andrea,
|d 1978-
|4 aut
|4 edt
|9 209824
|
| 700 |
1 |
|
|a Štefanko, Jozef,
|d 1983-
|4 aut
|9 230816
|
| 700 |
1 |
|
|a Švecová, Adriana,
|d 1977-
|4 aut
|9 134018
|
| 700 |
1 |
|
|a Varga, Peter,
|d 1980-
|4 aut
|9 227132
|
| 700 |
1 |
|
|a Vladár, Vojtech,
|d 1981-
|4 aut
|9 206394
|
| 700 |
1 |
|
|a Vyšný, Peter,
|d 1980-
|4 aut
|9 227106
|
| 710 |
2 |
|
|a Trnavská univerzita v Trnave.
|b Právnická fakulta
|4 pbl
|9 125031
|
| 752 |
|
|
|a Krakov
|d Poľsko
|
| 919 |
|
|
|a 978-83-8111-016-7
|
| 958 |
|
|
|a ZS
|
| 958 |
|
|
|a NB
|
| 958 |
|
|
|a BX
|
| 999 |
|
|
|c 686189
|d 688119
|
| 952 |
|
|
|a SNK
|b SNK
|y PREZ
|7 0
|p 17A1350814
|o snkSC 182186
|i snk2018/27600
|8 2
|g 13.28
|0 0
|1 0
|4 0
|d 2018-11-19
|f 1
|l 0
|r 2026-02-23 20:12:10
|w 2026-02-23
|
| 952 |
|
|
|a SNK
|b SNK
|y VYP
|7 0
|p 17A1353387
|o snkSC 182186 D1
|i snk2019/3033
|8 2
|g 13.28
|0 0
|1 0
|4 0
|d 2018-12-12
|l 0
|r 2026-02-23 20:12:10
|w 2026-02-23
|